| 000 | 00674nam a2200181Ia 4500 | ||
|---|---|---|---|
| 008 | 100122s9999 xx 000 0 und d | ||
| 082 |
_b60113 _a370 |
||
| 100 | _aचारी अहिल्या | ||
| 245 | _aएकत्र विचारमंथन | ||
| 260 |
_bके भि ढवळे _c2001 |
||
| 300 | _a110 | ||
| 520 | _aTHINKING TOGETHER चा मराठी अनुवाद | ||
| 620 | _aTHINKING TOGETHER चा मराठी अनुवाद | ||
| 630 | _aएकत्र विचारमंथन | ||
| 700 | _aघैसास दिवाकर अनंत | ||
| 730 | _aएकत्र विचारमंथन | ||
| 942 | _cBOOK | ||
| 999 |
_c435390 _d435387 |
||